Armut als Bedrohung einer menschenwürdigen Zukunft: Vortrag in der Themengruppe 5 "Diakonie im Wettbewerb"

Saved in:  
Bibliographic Details
Main Author: Hanesch, Walter (Author)
Format: Print Article
Language:German
Check availability: HBZ Gateway
Interlibrary Loan:Interlibrary Loan for the Fachinformationsdienste (Specialized Information Services in Germany)
Published: 1999
In: Diakonie
Year: 1999, Pages: 145-149
Standardized Subjects / Keyword chains:B Deutschland (boat, 1866-1875) / Poverty / Struggle against
IxTheo Classification:ZB Sociology

MARC

LEADER 00000caa a22000002c 4500
001 1642929506
003 DE-627
005 20220616114347.0
007 tu
008 160405s1999 xx ||||| 00| ||ger c
035 |a (DE-627)1642929506 
035 |a (DE-576)465571484 
035 |a (DE-599)BSZ465571484 
040 |a DE-627  |b ger  |c DE-627  |e rakwb 
041 |a ger 
084 |a 1  |2 ssgn 
100 1 |a Hanesch, Walter  |4 aut 
245 1 0 |a Armut als Bedrohung einer menschenwürdigen Zukunft  |b Vortrag in der Themengruppe 5 "Diakonie im Wettbewerb" 
264 1 |c 1999 
336 |a Text  |b txt  |2 rdacontent 
337 |a ohne Hilfsmittel zu benutzen  |b n  |2 rdamedia 
338 |a Band  |b nc  |2 rdacarrier 
601 |a Menschenwürde 
601 |a Wettbewerb 
601 |a Zukunft 
601 |a Vortrag 
601 |a Diakonie 
652 |a ZB 
689 0 0 |d g  |0 (DE-588)4011882-4  |0 (DE-627)104704861  |0 (DE-576)208896155  |2 gnd  |a Deutschland 
689 0 1 |d s  |0 (DE-588)4002963-3  |0 (DE-627)104152397  |0 (DE-576)208849491  |2 gnd  |a Armut 
689 0 2 |d s  |0 (DE-588)4112701-8  |0 (DE-627)104321679  |0 (DE-576)209470127  |2 gnd  |a Bekämpfung 
689 0 |5 (DE-627) 
773 0 8 |i In  |t Diakonie  |d Reutlingen : Diakonie-Verl. der Gustav Werner Stiftung zum Bruderhaus, 1970  |g (1999), Seite 145-149  |w (DE-627)130126748  |w (DE-600)507082-X  |w (DE-576)015661415  |x 0938-3719  |7 nnas 
773 1 8 |g year:1999  |g pages:145-149 
935 |a mteo 
951 |a AR 
ELC |b 1 
ITA |a 1  |t 1 
LOK |0 000 xxxxxcx a22 zn 4500 
LOK |0 001 3307513141 
LOK |0 003 DE-627 
LOK |0 004 1642929506 
LOK |0 005 20160405131823 
LOK |0 008 160404||||||||||||||||ger||||||| 
LOK |0 040   |a DE-Tue135  |c DE-627  |d DE-Tue135 
LOK |0 092   |o n 
LOK |0 852   |a DE-Tue135 
LOK |0 852 1  |9 00 
LOK |0 935   |a ixzs  |a ixmi 
LOK |0 936ln  |0 1442053755  |a ZB 
LOK |0 939   |a 04-04-16  |b l01 
ORI |a SA-MARC-ixtheoa001.raw 
REF |a Armutsbekämpfung 
REL |a 1 
STA 0 0 |a Deutschland (boat, 1866-1875),Germany,Germany,Germany,Germany,German Federal Republic (motif),Germany,Germany,Germany,Germany,Germany,Germany,Federal Republic of Germany,Germany,German Democratic Republic,Germany,Germany,Germany,Soviet Occupation Zone,French Occupation Zone,Poverty,Poverty,The Poor,Poor person,Poverty,Poverty in art,Struggle against,Fight against,Battle with 
STB 0 0 |a Deutschland (bateau, 1866-1875),Allemagne,Allemagne,République fédérale d'Allemagne (motif),Lutte,Pauvreté,Pauvreté,Pauvreté 
STC 0 0 |a Alemania,Alemania,Combate,Pobreza,Pobreza,Pobreza 
STD 0 0 |a Germania,Germania,Lotta a,Povertà,Povertà 
STE 0 0 |a 对抗,战斗,德国,德国,贫穷,贫穷 
STF 0 0 |a 對抗,戰鬥,德國,德國,貧窮,貧窮 
STG 0 0 |a Alemanha,Alemanha,Combate,Pobreza,Pobreza 
STH 0 0 |a Бедность (мотив),Бедность,Борьба с,Германия (ГДР, мотив),Германия (мотив) 
STI 0 0 |a Γερμανία (ΛΔΓ, μοτίβο),Γερμανία (μοτίβο),Καταπολέμηση,Φτώχεια (μοτίβο),Φτώχεια 
SUB |a REL 
SYG 0 0 |a DDR,Deutsche Demokratische Republik,Germany,Amerikanische Zone Deutschlands,BRD,Britische Zone Deutschlands,Bundesrepublik Deutschland,Französische Zone Deutschlands,Vereinigtes Wirtschaftsgebiet Deutschlands,BRD,Bundesrepublik Deutschland , Vereinigtes Wirtschaftsgebiet,Bizone,Verwaltung des Vereinigten Wirtschaftsgebietes,Französische Zone,Zone Française d'Occupation,Französische Besatzungszone,ZFO,Britische Zone,British occupation zone,Britische Besatzungszone,British Zone of Control,Britisches Kontrollgebiet,British Element,Britisches Element,Sowjetische Zone,Russische Zone,Sowjetische Besatzungszone,Russische Besatzungszone,Sowjetische Besatzungszone Deutschlands,Sowjetische Besatzungszone in Deutschland,Sowjetisch Besetzte Zone,Sowjetzone,Ostzone,SBZ,Länder,Westliche Bundesländer,Alte Bundesländer,Deutschland,Westdeutschland,Deutschland,Westzonen,Westliche Besatzungszonen,Trizone,Östliche Bundesländer,Neue Bundesländer,Länder,Deutschland,Ostdeutschland,Deutschland,Deutschland,Deutsche Demokratische Republik,DDR,Deutschland,German Democratic Republic,GDR,République Démocratique Allemande,RDA,Germanskaja Demokratičeskaja Respublika,Demokratičeskaja Respublika,Democratic Republic,Demokratische Republik,Niemiecka Republika Demokratyczna,NRD,Ǧumhūrīyat Almāniyā ad-Dīmuqrāṭīya,República Democrática Alemana,Saksan Demokraattisen Tasavallan,Repubblica Democratica Tedesca,Mitteldeutschland,Ostdeutschland,East Germany,Ostzone,Alemanha,Alemania,Allemagne,Almanija,Almāniyā,Bondsrepubliek Duitsland,BRD,BRD,Bundesrepublik Deutschland,Deutschland,Deutschland,Federal Republic of Germany,Förbundsrepubliken Tyskland,Förbundsrepublikken Tyskland,FRG,Germany,Németországi Szövetségi Kőztársaság,Niemiecka Republika Federalna Niemiecka Republika Federalna,NRF,Repubblica Federale di Germania,Republic of Germany,República Federal da Alemanha,República Federal de Alemania,Republik Federasi Djerman,Republika Federalna Niemiec,République Fédérale d'Allemagne,RFN,Saksan Liittotasavalta,Westdeutschland,Deutsche Länder,Germany,Heiliges Römisches Reich,Rheinbund,Deutscher Bund,Norddeutscher Bund,Deutsches Reich,Deutschland,Deutschland,BRD,Federal Republic of Germany,Republic of Germany,Allemagne,Ǧumhūrīyat Almāniyā al-Ittiḥādīya,Bundesrepublik Deutschland,BRD,Niemcy,République Fédérale d'Allemagne,Repubblica Federale di Germania,Germanija,Federativnaja Respublika Germanija,FRG,Deyizhi-Lianbang-Gongheguo,Amerikanische Zone,American occupation zone,Amerikanische Besatzungszone,ABZ,United States Area of Control,Amerikanisches Kontrollgebiet,U.S. zone of occupation,United States Zone,U.S. Zone,US-Zone , Arme Leute,Armer,Verarmung,Poverty,Armutsfalle,Armutstheorie,Impoverishment,Massenarmut,Pauperism,Pauperization,Poverty trap,Verarmung,Verelendung,Arme Leute,Armer,Besitzloser,Verarmung , Eindämmung 
TIM |a 100019901003_100020261231  |b 1990-10-03 - 2026